Environmental pollution / (Record no. 17410)

MARC details
000 -LEADER
fixed length control field 00882nam a22002414a 4500
005 - DATE AND TIME OF LATEST TRANSACTION
control field 20080729164931.0
008 - FIXED-LENGTH DATA ELEMENTS--GENERAL INFORMATION
fixed length control field 080416s2008 waua 001 0 eng
010 ## - LCCN (DPL NO)
LC control number ENG-91455
020 ## - INTERNATIONAL STANDARD BOOK NUMBER
International Standard Book Number 9788131304778
Terms of availability 250.00
035 ## - SYSTEM CONTROL NUMBER
System control number EN-74988
037 ## - SOURCE OF ACQUISITION
Source of stock number/acquisition DBAD / PUB
040 ## - CATALOGING SOURCE
Original cataloging agency DPL
Language of cataloging English
082 ## - DEWEY DECIMAL CLASSIFICATION NUMBER
Classification number 363.73
100 ## - MAIN ENTRY--PERSONAL NAME
Personal name Srivastava, Yogendra N.
245 ## - TITLE STATEMENT
Title Environmental pollution /
Statement of responsibility, etc by Yogendra N. Srivastava
260 ## - PUBLICATION, DISTRIBUTION, ETC. (IMPRINT)
Place of publication, distribution, etc New Delhi
Name of publisher, distributor, etc APH Publishing
Date of publication, distribution, etc 2009
270 ## - ADDRESS
Address 4435-36/7, Ansari Road, Daryaganj,
City New Delhi
Postal code 110002
300 ## - PHYSICAL DESCRIPTION
Extent vii, 84p.
Dimensions 23 cm (Hb)
500 ## - GENERAL NOTE
General note Includes index
650 ## - SUBJECT ADDED ENTRY--TOPICAL TERM
Topical term or geographic name as entry element Environmental pollution
942 ## - ADDED ENTRY ELEMENTS (KOHA)
Source of classification or shelving scheme Dewey Decimal Classification
Item type English Books
Call number suffix SRI
Classification part 363.73
Holdings
Withdrawn status Lost status Source of classification or shelving scheme Damaged status Not for loan Collection code Home library Current library Date acquired Source of acquisition Cost, normal purchase price Total Checkouts Full call number Barcode Date last seen Copy number Cost, replacement price Koha item type
    Dewey Decimal Classification   Not For Loan Non-fiction D.B.Act.Division D.B.Act.Division 03/11/2008 DBAD / PUB 250.00   363.73 SRI EN-74988 03/11/2008 1 250.00 English Books

© Delhi Public Library
Hit Counter
free hit counter